000 01639nam a2200385 c 4500
003 BLK
005 20180420231531.0
008 180409b bul|||||r ||||||| ||bul||
010 _aKNG00126832000
040 _aBLK
041 _aBUL
_cBUL
080 _aПаметници на културата на историческите периоди. Археологическите паметници. Старини
_b904
_x(497.2-21)(036)
_z904(497.2-21)(036)
100 1 _aАнтонова, Вера Янкова
_eпърви автор
_9256246
139 _aАнтонова, Вера Янкова
_bА 75
245 1 0 _aПлиска
_bВодач за археол. обекти и музея
_cВера Янкова Антонова.
250 _a4. изд.
257 _aBGR
260 София
_bНаука и изкуство
_c1967
300 _a46 с.
_bс ил.
_c18 см
380 _a9
500 _aАвт. не е дадена на кор. - Рез. на рус., нем. ез.
650 4 _aАрхеологически паметници - Плиска
_9257493
650 4 _aИсторически паметници - Плиска
_9257492
651 4 _aПлиска
_9179376
651 4 _aБългария
_9241624
653 _aПлиска
653 _aархеологически паметници
653 _aисторически паметници
653 _aпътеводители
852 _aЦб І 9284
856 4 _qpdf
_u
856 4 _qpdf
_u
942 _cKNG
_n0
944 _aCR
_c01.02.2012
_l01.02.2012 - от С1,Р / 01.02.2012
_kВиолета_Тройчева
944 _aED
_c15.12.2016
_l01.02.2012 - от С1,Р / 01.02.2012
_k
999 _c121210
_d121210